000
00260nam a2200121Ia 4500
008
190216s9999||||xx |||||||||||||| ||und||
100
_a
Narayanan C
245
0
_a
Kadu
260
_b
C I C C Book House
_c
1987
300
_a
110p
650
_a
Novel
942
_c
BK
999
_c
26022
_d
26022